The noble scholar, jurist, historian


 His Excellency Dr. Abdul Wahhab bin Ibrahim Abu Sulaiman, may Allah have mercy on him.


 He was born in Umm Al-Qura in the year 1356 AH.

كتاب دليل الناسك لأداء المناسك على مذهب الإمام المبجل أبي عبد الله أحمد بن حنبل الشيباني طيب الله ثراه وجعل الجنة مثواه / (Record no. 14029)

MARC details
000 -LEADER
fixed length control field 02241cam a2200397 i 4500
003 - CONTROL NUMBER IDENTIFIER
control field SA-RiAUC
005 - DATE AND TIME OF LATEST TRANSACTION
control field 20260113133436.0
008 - FIXED-LENGTH DATA ELEMENTS--GENERAL INFORMATION
fixed length control field 251230s1912 su g 000r0 ara c
040 ## - CATALOGING SOURCE
Original cataloging agency SA-MaHRM
Language of cataloging ara
Transcribing agency SA-RiAUC
Description conventions rda
082 04 - DEWEY DECIMAL CLASSIFICATION NUMBER
Classification number 252.5
Assigning agency SA-RiAUC
090 ## - LOCALLY ASSIGNED LC-TYPE CALL NUMBER (OCLC); LOCAL CALL NUMBER (RLIN)
Classification number (OCLC) (R) ; Classification number, CALL (RLIN) (NR) م ن 252.5
Local cutter number (OCLC) ; Book number/undivided call number, CALL (RLIN) ل ب د
100 1# - MAIN ENTRY--PERSONAL NAME
Personal name اللدي، عبد الغني بن ياسين،
Dates associated with a name توفي 1319 هجري
Relator term مؤلف.
245 10 - TITLE STATEMENT
Title كتاب دليل الناسك لأداء المناسك على مذهب الإمام المبجل أبي عبد الله أحمد بن حنبل الشيباني طيب الله ثراه وجعل الجنة مثواه /
Statement of responsibility, etc. تأليف عبد الغني ابن ياسين اللبدي الحنبلي ؛ تصحيح علي بن أحمد الهواري
246 30 - VARYING FORM OF TITLE
Title proper/short title دليل الناسك لأداء المناسك على مذهب الإمام المبجل أبي عبد الله أحمد بن حنبل الشيباني
246 30 - VARYING FORM OF TITLE
Title proper/short title دليل الناسك لأداء المناسك
250 ## - EDITION STATEMENT
Edition statement الطبعة الأولى.
264 #1 - PRODUCTION, PUBLICATION, DISTRIBUTION, MANUFACTURE, AND COPYRIGHT NOTICE
Place of production, publication, distribution, manufacture مكة المكرمة :
Name of producer, publisher, distributor, manufacturer [الناشر غير محدد]،
Date of production, publication, distribution, manufacture, or copyright notice [1912]
264 #2 - PRODUCTION, PUBLICATION, DISTRIBUTION, MANUFACTURE, AND COPYRIGHT NOTICE
Place of production, publication, distribution, manufacture مكة المكرمة :
Name of producer, publisher, distributor, manufacturer محمد يوسف بن أحمد الباز الكتبي [موزع]
264 #3 - PRODUCTION, PUBLICATION, DISTRIBUTION, MANUFACTURE, AND COPYRIGHT NOTICE
Place of production, publication, distribution, manufacture [القاهرة، مصر] :
Name of producer, publisher, distributor, manufacturer مطبعة التقدم العلمية
300 ## - PHYSICAL DESCRIPTION
Extent 80 صفحة ؛
Dimensions 28 سم
336 ## - CONTENT TYPE
Content type term نص
Content type code txt
Source rdacontent
Materials specified كتاب
337 ## - MEDIA TYPE
Media type term بدون وسيط
Media type code n
Source rdamedia
338 ## - CARRIER TYPE
Carrier type term مجلد
Carrier type code nc
Source rdacarrier
500 ## - GENERAL NOTE
General note تم تبييض الكتاب سنة : 1317 هـ.
500 ## - GENERAL NOTE
General note يوجد بآخره تقاريظ الكتاب.
562 ## - COPY AND VERSION IDENTIFICATION NOTE
Identifying markings يوجد بها حواشي عليها شروح.
650 #7 - SUBJECT ADDED ENTRY--TOPICAL TERM
Topical term or geographic name entry element الحج (فقه إسلامي)
General subdivision مناسك
Source of heading or term aucsh
650 #7 - SUBJECT ADDED ENTRY--TOPICAL TERM
Topical term or geographic name entry element الفقه الحنبلي
Source of heading or term aucsh
700 1# - ADDED ENTRY--PERSONAL NAME
Personal name الهواري، علي بن أحمد
Relator term مصحح.
856 4# - ELECTRONIC LOCATION AND ACCESS
Uniform Resource Identifier <a href="http://10.10.10.21/hipres/1287/book.Web/bookTestPage.html">http://10.10.10.21/hipres/1287/book.Web/bookTestPage.html</a>
856 4# - ELECTRONIC LOCATION AND ACCESS
Uniform Resource Identifier <a href="http://10.0.0.80:1112/M.Alsamman/1287.pdf">http://10.0.0.80:1112/M.Alsamman/1287.pdf</a>
856 4# - ELECTRONIC LOCATION AND ACCESS
Uniform Resource Identifier <a href="http://10.10.10.21/hipres/1289/book.Web/bookTestPage.html">http://10.10.10.21/hipres/1289/book.Web/bookTestPage.html</a>
856 4# - ELECTRONIC LOCATION AND ACCESS
Uniform Resource Identifier <a href="http://10.0.0.80:1112/M.Alsamman/1289.pdf">http://10.0.0.80:1112/M.Alsamman/1289.pdf</a>
942 ## - ADDED ENTRY ELEMENTS (KOHA)
Source of classification or shelving scheme Dewey Decimal Classification
Koha item type كتاب مصور نادر
Suppress in OPAC No
949 ## - LOCAL PROCESSING INFORMATION (OCLC)
a SA-JeALM
d 251230
u mohamedma123
n 1
Holdings
Withdrawn status Lost status Source of classification or shelving scheme Damaged status Not for loan Home library Current library Date acquired Total checkouts Full call number Barcode Date last seen Price effective from Koha item type
    Dewey Decimal Classification     DR AbdElwahab Library DR AbdElwahab Library 01/13/2026   م ن 252.5 ل ب د 000022447 01/13/2026 01/13/2026 كتاب مصور نادر
    Dewey Decimal Classification     DR AbdElwahab Library DR AbdElwahab Library 01/19/2026   م ن 252.5 ل ب د 000022526 01/19/2026 01/19/2026 كتاب مصور نادر
    Dewey Decimal Classification     DR AbdElwahab Library DR AbdElwahab Library 03/30/2026   م ن 252.5 ل ب د 000023241 03/30/2026 03/30/2026 كتاب مصور نادر